Grand quiz logo club - Statistiques

Statistiques générales
  • Ce quiz a été pris 53 fois
  • Le résultat moyen est 5 sur 12
Statistiques - réponses
Par images Réponse % Correct
ACF Fiorentina
100%
AC Milan
100%
Ajax
100%
Al Ahli
100%
Al Hilal
100%
Apollon Limassol
100%
Atlético Madrid
100%
Bayern Munich
100%
Boavista
100%
Boca Juniors
100%
Borussia Dortmund
100%
Brighton
100%
Cagliari
100%
CF Genoa
100%
Como 1907
100%
Corinthians
100%
CSKA Sofia
100%
Deportivo Alavés
100%
Dynamo Houston
100%
Eintracht Francfort
100%
FC Arsenal
100%
FC Augsburg
100%
FC Bale
100%
FC Bologne
100%
FC Charlotte
100%
FC Copenhague
100%
FC Everton
100%
FC Fulham
100%
FC Liverpool
100%
FC Los Angeles
100%
FC Lugano
100%
FC Santos
100%
FC Southampton
100%
FC Twente
100%
FC Venezia
100%
Feyenoord
100%
FF Malmo
100%
FK Molde
100%
Flamengo
100%
Galatasaray
100%
Grasshopper
100%
Heart of Midlothian
100%
IFK Goteborg
100%
Inter Miami
100%
Inter Milan
100%
Ipswich Town
100%
Juventus
100%
Las Palmas
100%
Leicester City
100%
LOSC Lille
100%
Majorque
100%
Motor Lublin
100%
NEC Nijmegen
100%
Newcastle United
100%
NK Maribor
100%
OGC Nice
100%
OL
100%
OM
100%
Parma
100%
Portland Timbers
100%
Rangers
100%
RC Lens
100%
Real Madrid
100%
Real Sociedad
100%
River Plate
100%
Royal Antwerp
100%
RSC Anderlecht
100%
SC Friburg
100%
SL Benfica
100%
Spartak Moscou
100%
Sparta Prague
100%
St Etienne
100%
Udinese
100%
Union St-Gilloise
100%
US Lecce
100%
VFL Wolfsburg
100%
West Ham
100%
Young Boys
100%
Zenit St Petersbourg
100%
AEK Athènes
67%
CF Torino
67%
FC Sion
67%
FC Utrecht
67%
Heidenheim
67%
Sturm Graz
67%
Al Nassr
50%
Al Sadd
50%
AS Rome
50%
Atlanta United
50%
Cercle Bruges
50%
CF Montreal
50%
Colorado Rapids
50%
FCSB/Steaua Bucarest
50%
FK Qarabag
50%
Fluminense
50%
Fortaleza
50%
Genk
50%
Hajduk Split
50%
Krasnodar
50%
KVC Westerlo
50%
Lech Poznan
50%
Manchester City
50%
NAC Breda
50%
New York City
50%
Rapid Vienne
50%
RB Bragantino
50%
Shamrock Rovers
50%
Sivasspor
50%
Sporting Kansas
50%
Wolverhampton
50%
Caykur Rizespor
33%
FF Viborg
33%
Goztepe
20%
AC Monza
0%
Adana Demirspor
0%
AEK Larnaca
0%
AIF Mjallby
0%
AIK
0%
AK Grazer
0%
Akhmat Grozny
0%
Akron Togliatti
0%
Alanyaspor
0%
Al Duhail
0%
Al Ettifaq
0%
Al Gharafa
0%
Al Ittihad
0%
Almere City
0%
Al Shabab
0%
Al Sharjah
0%
Angers
0%
Antalyaspor
0%
APOEL Nicosie
0%
Arda Kardzhali
0%
Aris Limassol
0%
Aris Salonique
0%
Arouca
0%
AS Monaco
0%
Asteras Aktor
0%
Aston Villa
0%
AS Trencin
0%
Atalanta Bergamo
0%
Athletic Bilbao
0%
Atletico Mineiro
0%
Atromitos
0%
Austria Klangenfurt
0%
Austria Vienne
0%
Auxerre
0%
AVS
0%
AZ Alkmaar
0%
Backa Topola
0%
Banik Ostrava
0%
Basaksehir
0%
BATE Borisov
0%
Bayer Leverkusen
0%
Beroe Stara Zagora
0%
Besiktas
0%
BK Aalborg
0%
BK Hacken
0%
BK Halmstads
0%
BK Kristiansund
0%
BK Rosenborg
0%
Blau-Weiss Linz
0%
Bodo Glimt
0%
Bodrumspor
0%
Bohemians Prague
0%
Borac Banja Luka
0%
Borussia Monchengladbach
0%
Botafogo
0%
Botev Plovdiv
0%
Botev Vratsa
0%
Bournemouth
0%
Brentford
0%
Buducnost Podgorica
0%
Casa Pia
0%
CA Talleres
0%
Celta Vigo
0%
Celtic
0%
CFR Cluj
0%
Charleroi
0%
Chernomorets Odessa
0%
Cherno More Varna
0%
Chicago Fire
0%
Club Bruges
0%
Club Estudiantes
0%
Columbus Crew
0%
Cracovie
0%
Cruzeiro
0%
Crystal Palace
0%
CSKA 1948
0%
CSKA Moscou
0%
DC United
0%
Dinamo Bucarest
0%
Dinamo Makhachkala
0%
Dinamo Minsk
0%
Dinamo Moscou
0%
Dinamo Tbilissi
0%
Dinamo Zagreb
0%
Dukla Prague
0%
Dunajska Streda
0%
Dundee United
0%
Dynamo Ceske
0%
Dynamo Kiev
0%
EH Dender
0%
Espanyol
0%
Esporte Bahia
0%
Estoril
0%
Estrela
0%
Etoile Rouge Belgrade/Crvena Zvezda
0%
Eyupspor
0%
Fakel Voronezh
0%
Farense
0%
Farul Constanta
0%
FC Aberdeen
0%
FC Astana
0%
FC Austin
0%
FC Ballkani
0%
FC Barcelona
0%
FC Botosani
0%
FC Chelsea
0%
FC Cincinnati
0%
FC Dallas
0%
FC Damac
0%
FC Dundee
0%
FC Empoli
0%
FC Familicao
0%
FC Fehervar
0%
FC Girona
0%
FC Groningen
0%
FC Gyor
0%
FC Hermannstadt
0%
FC Hibernian
0%
FC Kilmarnock
0%
FC Larne
0%
FC Lucerne
0%
FC Midtjylland
0%
FC Motherwell
0%
FC Nantes
0%
FC Noah
0%
FC Nordsjaelland
0%
FC Pafos
0%
FC Paksi
0%
FC Porto
0%
FC Randers
0%
FC Servette
0%
FC Séville
0%
FC Slovacko
0%
FC Toronto
0%
FC Toulouse
0%
FC Ujpest
0%
FC Valence
0%
FC Winterthur
0%
FC Yverdon
0%
FC Zurich
0%
Fenerbahce
0%
Ferencvaros
0%
FF Sarpsborg
0%
FK Aktobe
0%
FK Bryne
0%
FK Cukaricki
0%
FK Fredrikstad
0%
FK Haugesund
0%
FK Jablonec
0%
FK Jedinstvo
0%
Fk Khimki
0%
FK Oleksandriya
0%
FK Pardubice
0%
FK Teplice
0%
FK Viking
0%
FK Zira
0%
Flora Tallinn
0%
Fortuna Sittard
0%
GAIS
0%
Gaziantep
0%
Getafe
0%
GF Aarhus
0%
Gil Vicente
0%
GKS Katowice
0%
Go Ahead Eagles
0%
Gornik Zarbrze
0%
Gremio
0%
HamKam
0%
Hatayspor
0%
Hebar Pazardzhik
0%
Heerenveen
0%
Hellas Vérone
0%
Heracles Almelo
0%
HJK Helsinki
0%
HNK Gorica
0%
HNKK Rijeka
0%
HNK Sibenik
0%
Holstein Kiel
0%
Hradec Kralove
0%
Huracan
0%
IF Brommapojkarna
0%
IF Brondby
0%
IF Degerfors
0%
IF Djurgardens
0%
IF Elfsborg
0%
IF Hammarby
0%
IFK Norkopping
0%
IFK Varnamo
0%
IF Osters
0%
IF Silkeborg
0%
IK Sirius
0%
IMT Belgrade
0%
Indepediente
0%
Ingulets Petrove
0%
Jagiellonia Bialystok
0%
KAA la Gantoise
0%
Kairat Almaty
0%
Kameratene Oslo
0%
Karpaty Lviv
0%
Kasimpasa
0%
Kayserispor
0%
Kecskemeti
0%
Klaksvik
0%
Kolos Kovalivka
0%
Konyaspor
0%
Korona Kielce
0%
Krumovgrad
0%
Krylya Sovetov Samara
0%
Kryvbas Kryvyi
0%
KV Kortrijk
0%
KV Mechelen
0%
LA Galaxy
0%
LASK Linz
0%
Lausanne
0%
Lazio Roma
0%
Lechia Gdansk
0%
Léganes
0%
Legia Varsovie
0%
Le Havre
0%
Levadiakos
0%
Levski Sofia
0%
Livyi Bereg Kiev
0%
LNZ Cherkasy
0%
Lokomotiva Zagreb
0%
Lokomotiv Moscou
0%
Lokomotiv Plovdiv
0%
Lokomotiv Sofia
0%
Ludogorets
0%
Lyngby Boldklub
0%
Mainz
0%
Manchester United
0%
MFK Karvina
0%
MFK Ruzomberok
0%
Minnesota United
0%
Mlada Boleslav
0%
Mladost Lucani
0%
Montpellier
0%
Moreirense
0%
MSK Zilina
0%
MTK Budapest
0%
Nacional
0%
Napredac Krusevac
0%
Newell's Old Boys
0%
New England
0%
NK Celje
0%
NK Istra
0%
NK Osijek
0%
NK Varazdin
0%
Nottingham Forest
0%
Novi Pazar
0%
NPS Volos
0%
Obolon Kiev
0%
OFI Crète
0%
OFK Belgrade
0%
OH Louvain
0%
Olimpija Ljubljana
0%
Olympiakos
0%
Omonia Nicosie
0%
Orenburg
0%
Orlando City
0%
Osasuna
0%
Otelul Galati
0%
Palmeiras
0%
Panathinaikos
0%
Panetolikos
0%
Panserraikos
0%
PAOK
0%
Pari Nizhniy Novgorod
0%
Partizan Belgrade
0%
PAS Lamia
0%
PEC Zwolle
0%
Petrolul Ploiesti
0%
Piast Gliwice
0%
Pogon Szczecin
0%
Poli Iasi
0%
Polissya Zhytomyr
0%
PSG
0%
PSV
0%
Puskas Akademia
0%
Puszcza Niepolomice
0%
Pyunik Erevan
0%
Racing Club
0%
Radnicki Kragujevac
0%
Radnicki Nis
0%
Radomiak Radom
0%
Rakow Czestochowa
0%
Rapid Bucarest
0%
Rayo Vallecano
0%
RB Leipzig
0%
RB New York
0%
RB Salzburg
0%
RC Strasbourg
0%
Real Betis
0%
Real Salt Lake
0%
Real Valladolid
0%
RFS
0%
Rio Ave
0%
Ross County
0%
Rostov
0%
Rubin Kazan
0%
Rukh Lviv
0%
Samsunspor
0%
Sandefjord
0%
San Diego
0%
San Jose Earthquakes
0%
San Lorenzo
0%
Santa Clara
0%
Sao Paolo
0%
SC Braga
0%
SC Internacional
0%
SC Nashville
0%
SCR Altach
0%
Seattle Sounders
0%
Sepsi OSK
0%
Septemvri Sofia
0%
Shakhtar Donetsk
0%
Sheriff Tiraspol
0%
Sigma Olomouc
0%
SK Brann
0%
Slask Wroclaw
0%
Slaven Belupo
0%
Slavia Prague
0%
Slavia Sofia
0%
Slovan Bratislava
0%
Slovan Liberec
0%
Sonderjyske
0%
Spartacus Nyiregyhaza
0%
Spartak Subotica
0%
Spartak Trnava
0%
Spartak Varna
0%
Sparta Rotterdam
0%
Sporting Lisbonne
0%
SSC Naples
0%
Stade Brestois
0%
Stade de Reims
0%
Stade Rennais
0%
Stal Mielec
0%
Standard Liège
0%
St Gall
0%
St Johnstone
0%
St Louis City
0%
St Mirren
0%
St Pauli
0%
Stromsgodset
0%
St Trond
0%
Tekstilac Odzaci
0%
Tottenham
0%
Trabzonspor
0%
Tromso
0%
TSG Hoffenheim
0%
TSV Hartberg
0%
U Cluj
0%
Union Berlin
0%
Union Philadelphia
0%
Unirea Slobozia
0%
Universitatea Craiova
0%
Urartu Erevan
0%
UTA Arad
0%
VA Beerschot
0%
Valerenga
0%
Vancouver Whitecaps
0%
Vasco de Gama
0%
Vejle Boldklub
0%
Velez Sarsfield
0%
Veres Rivne
0%
VFB Stuttgart
0%
VFL Bochum
0%
Vikingur Reykjavik
0%
Viktoria Plzen
0%
Villareal
0%
Vitoria Guimareas
0%
Vojvodina Novi Sad
0%
Vorskla Poltava
0%
VSC Debreceni
0%
VTK Diosgyori
0%
Waalwijk
0%
Werder Breme
0%
Widzew Lodz
0%
Willem II
0%
Wolfsberger
0%
WSG Tirol
0%
Zaglebie Lubin
0%
Zalaegerszegi
0%
Zalgiris Vilnius
0%
Zeleznicar Pancevo
0%
Zorya Lugansk
0%
Zrinjski Mostar
0%
Aucun quiz correspondant
Distribution des résultats
% des personnes avec chaque résultat
Percentile par nombre de réponses
Votre historique - résultats
Vous n’avez pas pris ce quiz